Mantenimiento y desarrollo de productos y servicios de información en el marco del SIB (Registro nro. 6718)

Detalles MARC
000 -CABECERA
Campo de control 00464nam a2200157 a 4500
005 - FECHA Y HORA DE LA ULTIMA TRANSACCION
Campo de control 20140130115605.0
008 - ELEMENTOS DE LONGITUD FIJA—INFORMACION GENERAL
Campo de control 140130b2008 ck ||||| |||| 00| 0 spa d
041 ## - IDIOMA
Código de idioma para texto/pista de sonido o título separado Español
044 ## - PAÍS DE PUBLICACIÓN
País de publicación Colombia
090 ## - CLASIFICACIÓN LOCAL
Colección IAVH
Consecutivo 01263
100 ## - ASIENTO PRINCIPAL--NOMBRE PERSONAL
Nombre personal Benavides Molineros, Julia Elizabeth
245 ## - MENCION DE TITULO
Título Mantenimiento y desarrollo de productos y servicios de información en el marco del SIB
Parte restante del título Informe final
260 ## - PUBLICACION, DISTRIBUCION, ETC. (PIE DE IMPRENTA)
Lugar de publicación, distribución, etc. Bogotá
Nombre del editor, distribuidor, etc. IAVH
Fecha de publicación, distribución, etc. 2008
300 ## - DESCRIPCION FISICA
Extensión 4 h.
942 ## - ELEMENTOS ADICIONALES (KOHA)
Tipo de ítem Impreso
Sistema de clasificación Local

No hay ítems disponibles.